000
00309nam a22001337a 4500
008
170322b xxu||||| |||| 00| 0 eng d
020
_a
9781593771843
041
_a
eng
080
_a
616.12-008-073
100
_a
7
101
_a
SHM
245
_a
CARDIOPULMONARY PHYSIOLOGY
_c
RICHARDSON.D.R
942
_2
udc
_c
BK
999
_c
8320
_d
8320